Los discursos del Centenario de la Independencia en 1910 /
Se compilan aquí discursos pronunciados por porfiristas destacados (el mismo Díaz, Isidro Fabela, Ezequiel A. Chávez, Justo Sierra, por citar algunos) en el marco de los festejos del Centenario de la Independencia, precedidos por un texto introductorio que sintetiza la visión del régimen respecto de...
Uloženo v:
| Hlavní autor: | |
|---|---|
| Médium: | Kniha |
| Jazyk: | španělština |
| Vydáno: |
México :
UNAM, Coordinación de Humanidades,
2010, c2010
|
| Témata: | |
| Tagy: |
Žádné tagy, Buďte první, kdo vytvoří štítek k tomuto záznamu!
|
MARC
| LEADER | 00000nam^a2200000^a^4500 | ||
|---|---|---|---|
| 001 | 000309122 | ||
| 005 | 20250521000000.0 | ||
| 009 | 20260310112935.92 | ||
| 020 | |a 978-607-02-1435-6 | ||
| 037 | |a Acervo ITESO - Biblioteca | ||
| 041 | |a ESP | ||
| 082 | |a 972. 032 |b GUE | ||
| 100 | |a Guedea Rincón Gallardo, Virginia |e (ed. y presen.) | ||
| 245 | 1 | 4 | |a Los discursos del Centenario de la Independencia en 1910 / |c Ed. y presen. de V. Guedea Rincón Gallardo. |
| 264 | 4 | |a México : |b UNAM, Coordinación de Humanidades, |c 2010, c2010 | |
| 300 | |a 115 p. | ||
| 336 | |a texto |b txt |2 rdacontenido | ||
| 337 | |a sin mediación |b n |2 rdamedio | ||
| 338 | |a volumen |b nc |2 rdasoporte | ||
| 520 | |a Se compilan aquí discursos pronunciados por porfiristas destacados (el mismo Díaz, Isidro Fabela, Ezequiel A. Chávez, Justo Sierra, por citar algunos) en el marco de los festejos del Centenario de la Independencia, precedidos por un texto introductorio que sintetiza la visión del régimen respecto de la gesta de independencia. | ||
| 649 | |a XX | ||
| 650 | |a Políticos Mexicanos - |x Discursos | ||
| 650 | |a Ideario Político - |z México - |x Historia - |y Guerra de Independencia, 1810-1821 | ||
| 650 | |a Discurso Político - |z México - |x Historia - |y Centenario de la Independencia, 1910 - |x Tema Principal | ||
| 650 | |a Discurso Político - |z México - |x Historia - |y Porfirismo, 1876-1911 - |x Tema Principal | ||
| 650 | |a Política - |z México - |x Historia | ||
| 650 | |a México - |x Historia - |y Guerra de Independencia, 1810-1821 - |x Tema Principal | ||
| 650 | |a México - |x Historia - |y Centenario de la Independencia, 1910 - |x Tema Principal | ||
| 650 | |a México - |x Historia - |y Porfirismo, 1876-1911 | ||
| 910 | |a Fondo General | ||
| 920 | |a Impresos - Libros | ||
| 930 | |a Colección General | ||
| 905 | |a 101 | ||
| 901 | |a 0500195433 |b IT1 |c ACC |i C126627 |u 20250521 | ||
| 902 | |a https://opac.biblio.iteso.mx/vufind/Record/000309122 | ||